000 00861nam a22001815i 4500
001 166820
003 ES-MaACL
005 20230906213416.0
008 981002s1884 sp |||| | spa d
040 _aCLM
_bspa
_cCCPB | 3D
100 1 _aUtor, Luis María.
_9133471
245 1 0 _aMemorias leidas en la asociación de agricultores que comprenden influencia del oxígeno del aire en la vinificación ó sea Aireo de los vinos, sus enfermedades, causas que las producen y medios de evitarlas ... /
_cpor Luis María Utor.
260 _aMadrid :
_b[s.n.],
_c1884 (
_fTipografía de Manuel Ginés Hernández)
300 _a46 p. :
_bil. ;
_c23 cm.
650 4 _aViticultura.
_9136993
740 0 _aAireo de los vinos, sus enfermedades, causas que las producen y medios de evitarlas.
852 _aES-MaACL
_jT-380-F-6
_z-- Enc. hol.
_z-- Enc. en un vol. facticio
999 _c166820
_d166820